00806 2200193 4500001002100000005001500021035002000036008004100056245004500097100001900142250000600161260003600167300001200203084001400215082000800229650001000237520035300247990001200600INLIS00000000000105920240527101656 a0010-0524000294240527 1 ind 1 aAir Mata Terakhir Bunda /cKirana Kejora aKejora, Kirana a1 aJakarta :bPT. Buku Kita,c2012 a202 hlm a813 KIR a a813 4aFiksi a"Ibu tidak pernah menangis di depan kami, walaupun ingin menangis, itu hanya menggit bibirnya kuat-kuat hingga berdarah, agar tangisnya tak terdengar oleh kami, anak-anaknya yang selalu dikuatkannya dengan kata-kata jangan pernah menjual kesedihan dan tangisan hanya untuk masa depan, karena masa depan adalah rancangan, kehidupan adalah sekarang." a0744037